Κατάλογος Βιβλιοθηκών Mediterranean College

Fashion history : (Record no. 10032)

MARC details
000 -LEADER
fixed length control field 02042nam a22002177a 4500
005 - ΗΜΕΡΟΜΗΝΙΑ ΚΑΙ ΩΡΑ ΤΕΛΕΥΤΑΙΑΣ ΕΝΗΜΕΡΩΣΗΣ
Πεδίο ελέγχου 20260112110655.0
006 - FIXED-LENGTH DATA ELEMENTS--ADDITIONAL MATERIAL CHARACTERISTICS
Πεδίο ελέγχου σταθερού μήκους a|||||r|||||||||||
008 - FIXED-LENGTH DATA ELEMENTS--GENERAL INFORMATION
Πεδίο ελέγχου σταθερού μήκους 260112s |||||||| |||| 00| ||gre d
020 ## - ISBN
ISBN 9783836557191
040 ## - ΠΗΓΗ ΚΑΤΑΛΟΓΟΓΡΑΦΗΣΗΣ
Φορέας πρωτότυπης καταλογογράφησης MC Thessaloniki Campus Library
Γλώσσα καταλογογράφησης Ελληνικά, Μοντέρνα (1453-)
Modifying agency MC Thessaloniki Campus Library
Κανόνες περιγραφικής καταλογογράφησης AACR2
245 10 - ΤΙΤΛΟΣ ΚΑΙ ΔΗΛΩΣΗ ΥΠΕΥΘΥΝΟΤΗΤΑΣ
Τίτλος Fashion history :
Remainder of title from the 18th to the 20th century : the collection of the Kyoto Costume Institute.
246 1# - VARYING FORM OF TITLE
Title proper/short title The Collection of the Kyoto Costume Institute
260 ## - PUBLICATION, DISTRIBUTION, ETC.
Place of publication, distribution, etc. Köln :
Name of publisher, distributor, etc. TASCHEN Bibliotheca Universalis,
Date of publication, distribution, etc. 2022
300 ## - PHYSICAL DESCRIPTION
Extent 645 p. :
Διαστάσεις 20 cm.
504 ## - ΣΗΜΕΙΩΣΗ ΒΙΒΛΙΟΓΡΑΦΙΑΣ κλπ.
Σημείωση βιβλιογραφίας, κλπ. Includes bibliographical references and index.
505 0# - FORMATTED CONTENTS NOTE
Miscellaneous information Clothes define people. A person's attire, whether it's a sari, kimono, or business suit, is an essential code to his or her culture, class, personality, even faith. Founded in 1978, the Kyoto Costume Institute recognizes the importance of understanding clothes from sociological, historical, and artistic perspectives. With one of the world's most extensive clothing collections, the KCI has amassed a wide range of historical garments, underwear, shoes, and fashion accessories dating from the 18th century to the present day.<br/>Showcasing the Institute's vast collection, Fashion History is a fascinating excursion through the last three centuries of clothing trends. Featuring impeccable photography of clothing expertly displayed and arranged on custom-made mannequins, it is a testimony to attire as "an essential manifestation of our very being" and to the Institute's passion for fashion as a complex and intricate art form.<br/>The book's authors include some of the smartest minds and sharpest eyes in fashion studies: Akiko Fukai (Chief Curator of The Kyoto Costume Institute), Tamami Suoh (Curator of The Kyoto Costume Institute), Miki Iwagami (Lecturer of fashion history at Sugino Fashion College (Tokyo)), Reiko Koga (Professor of fashion history at Bunka Women's University), and Rie Nii (Associate Curator of The Kyoto Costume Institute).
650 #4 - SUBJECT ADDED ENTRY--TOPICAL TERM
Topical term or geographic name entry element Fashion
942 ## - ADDED ENTRY ELEMENTS (KOHA)
Koha item type Books
Holdings
Τύπος τεκμηρίου Βιβλιοθήκη Τρέχουσα τοποθεσία Barcode Ημερομηνία απόκτησης Ταξιθετικό σύμβολο Αριθμός αντιτύπου Κατάσταση απόσυρσης Κατάσταση χαμένου Κατάσταση κατεστραμμένου Μη δανεισμός Σύνολο δανεισμών Ημερομηνία τελευταίας εμφάνισης Η τιμή ισχύει από
Books MC Thessaloniki Campus Library MC Thessaloniki Campus Library 9780000100405 12/01/2026 391.09 FAS 1           12/01/2026 12/01/2026

MC Athens Campus Library
Πατησίων 94 & Κοδριγκτώνος 13, 104 34
Πελλήνης 8 & Πατησίων 107, 112 51
Τ: +30 210 8899600

MC Thessaloniki Campus Library
Ίωνος Δραγούμη 21, 54625 | Ίωνος Δραγούμη 15, 54625
Τ: +30 2310 287779 – Τ: +30 2314 440300